Artiste au albums les plus vendu - Statistiques

Statistiques générales
  • Ce quiz a été pris 119 fois
  • Le résultat moyen est 2 sur 9
Statistiques - réponses
nombre de ventes Artiste % Correct
66 millions Michael Jackson
96%
50 millions AC/DC
44%
47 millions Pink Floyd
37%
42 millions Eagles
17%
44 millions Whitney Houston
11%
40 millions Bee Gees
6%
40 millions Fleetwood Mac
4%
43 millions Meat Loaf
3%
40 millions Shania Twain
1%
Aucun quiz correspondant
Distribution des résultats
% des personnes avec chaque résultat
Percentile par nombre de réponses
Votre historique - résultats
Vous n’avez pas pris ce quiz